Lahore (Record no. 11365)

MARC details
000 -LEADER
fixed length control field 00596nam a2200253 a 4500
020 ## - INTERNATIONAL STANDARD BOOK NUMBER
ISBN
082 00 - DEWEY DECIMAL CLASSIFICATION NUMBER
Classification number 954.9143
Author Cutter BAQ
100 ## - MAIN ENTRY--AUTHOR NAME
Author name Baqir, M
245 ## - TITLE STATEMENT
Title Lahore
Sub title Past and Present
260 ## - PUBLICATION, DISTRIBUTION, ETC. (IMPRINT)
Place of publication Lahore
Name of publisher Punjab Advisory Board for Books
Year of publication 1984
300 ## - PHYSICAL DESCRIPTION
Number of Pages 536p
500 ## - GENERAL NOTE
General note includes index and biblioraphy
505 2# - FORMATTED CONTENTS NOTE
Formatted contents note Index
650 ## - SUBJECT ADDED ENTRY--TOPICAL TERM
Topical Term India-History
650 ## - SUBJECT ADDED ENTRY--TOPICAL TERM
Topical Term Lahore
942 ## - ADDED ENTRY ELEMENTS (KOHA)
Koha item type Books
700 1# -
-- Baqir, M
Holdings
Collection code Home library Current library Date acquired Cost, normal purchase price Full call number Accession Number Koha item type
  Henry Martyn Institute Library Henry Martyn Institute Library 04/12/2007 500.00 954.9143 BAQ 017317 Books
                   Copyright © 2026 | Henry Martyn Institute | Hyderabad | TS-500052 | INDIA | Implemented by hmi.edu.in
Hit-Count:

Powered by Koha